| 000 | 00507nam a2200181Ia 4500 | ||
|---|---|---|---|
| 001 | 13148 | ||
| 005 | 20260306163032.0 | ||
| 008 | 260306t2012||||xx |||||||||||||| ||spa|| | ||
| 041 | _aESP | ||
| 082 |
_a371.071 _bC28 |
||
| 100 |
_aCárceles Laborde, Concepción _eAUT |
||
| 245 | 0 |
_aEducadores cristianos en la edad contemporánea: _bestudio y antología de textos de siete autores |
|
| 260 | _c2012 | ||
| 300 |
_a253 páginas : _c20 cm. |
||
| 650 | _aGEN | ||
| 654 | _aCED | ||
| 942 |
_cLIB _dJUS _fJUS _2ddc _n |
||
| 999 |
_c13148 _d13148 |
||